Statistics for NBA 1992 Playoffs Starters

Click here to take the quiz!

General Stats

  • This quiz has been taken 305 times
  • The average score is 41 of 80

Answer Stats

TeamPlayer% Correct
BullsMichael Jordan
100%
BullsScottie Pippen
100%
PistonsIsiah Thomas
97%
SunsKevin Johnson
97%
KnicksPatrick Ewing
95%
JazzJeff Malone
94%
JazzJohn Stockton
94%
JazzKarl Malone
94%
PacersReggie Miller
94%
Trail BlazersClyde Drexler
91%
SuperSonicsGary Payton
90%
PistonsJoe Dumars
90%
PistonsDennis Rodman
89%
PistonsBill Laimbeer
85%
WarriorsChris Mullin
84%
BullsHorace Grant
84%
SuperSonicsShawn Kemp
84%
CavaliersMark Price
83%
CelticsRobert Parish
83%
BullsJohn Paxson
80%
WarriorsTim Hardaway
80%
BullsBill Cartwright
78%
CavaliersBrad Daugherty
72%
Trail BlazersBuck Williams
71%
KnicksCharles Oakley
71%
PacersMicheal Williams
71%
Trail BlazersTerry Porter
68%
LakersVlade Divac
68%
JazzMark Eaton
66%
KnicksMark Jackson
66%
CavaliersLarry Nance
65%
LakersA.C. Green
62%
ClippersRon Harper
60%
LakersByron Scott
59%
ClippersCharles Smith
59%
HeatSteve Smith
59%
CelticsReggie Lewis
56%
NetsDerrick Coleman
54%
SunsJeff Hornacek
54%
SpursSean Elliott
52%
CavaliersCraig Ehlo
50%
HeatGlen Rice
48%
Trail BlazersKevin Duckworth
48%
Trail BlazersJerome Kersey
45%
NetsDražen Petrović
43%
ClippersDanny Manning
42%
KnicksGerald Wilkins
40%
HeatRony Seikaly
39%
PacersChuck Person
37%
SunsCedric Ceballos
32%
HeatGrant Long
31%
KnicksXavier McDaniel
31%
SpursRod Strickland
30%
SpursTerry Cummings
29%
LakersElden Campbell
28%
SuperSonicsRicky Pierce
26%
LakersSedale Threatt
26%
HeatBrian Shaw
25%
ClippersDoc Rivers
25%
SpursAntoine Carr
22%
WarriorsMario Elie
22%
WarriorsAlton Lister
21%
SuperSonicsDerrick McKey
21%
PacersLaSalle Thompson
21%
CelticsKevin Gamble
20%
CavaliersMike Sanders
19%
SuperSonicsMichael Cage
17%
JazzDavid Benoit
15%
WarriorsBilly Owens
14%
NetsChris Morris
14%
NetsMookie Blaylock
13%
NetsSam Bowie
13%
SunsAndrew Lang
12%
CelticsJohn Bagley
10%
ClippersKen Norman
10%
PistonsOrlando Woolridge
10%
SunsTim Perry
10%
CelticsEd Pinckney
6%
PacersGeorge McCloud
4%
SpursPaul Pressey
4%

Score Distribution

Percentile by Number Answered

Percent of People with Each Score

Your Score History

You have not taken this quiz